000 00536nam a2200169 4500
001 111737
003 ES-MaACL
007 t|
008 061121s1945 sp r ||||1| spa d
100 1 _aNeufert, Ernst.
_985434
245 1 0 _aArte de proyectar en Arquitectura /
_cProf. Ernst Neufert; versión de la décima edición alemana por M. Company.
250 _a2ª ed.
260 _aBarcelona :
_bGustavo Gili,
_c1945.
300 _aXVI, 285 p. :
_bil. ;
_c32 cm.
700 1 _aCompany, M.
_940037
852 _aES-MaACL
_jB-2139
_bR.21522
999 _c111737
_d111737